00673nam a2200217 i 4500001000400000100001700004245008500021250001400106260004900120300002500169490002500194650002100219830002100240020001500261040000800276041000800284044000800292080001600300008004100316856009800357bgj1 aFRISCH, Max.10aDie Chinesische Mauer :beine Farce ; (version für Paris, 1972) :cMax Frisch. a13. Aufl. aFrankfurt am Main :bSuhrkamp Verlag,c1979. a91, [1] s. ;c18 cm.1 aEdition Suhrkampv659 aDramat niemiecki aEdition Suhrkamp a3518100653 cBPK0 ager aDEU a821.112.2-2 s gw f |000 0 ger  uhttp://koha.tu.koszalin.pl/cgi-bin/koha/opac-detail.pl?biblionumber=49891yKatalog online BPK